Statistics for Countries Flags With a Sun Picture Quiz

Click here to take the quiz!

General Stats

  • This quiz has been taken 51 times
  • The average score is 10 of 11

Answer Stats

Answer% Correct
Nepal
100%
Argentina
98%
Macedonia
98%
Uruguay
98%
Kazakhstan
95%
Ecuador
93%
Kyrgyzstan
90%
Kiribati
88%
Namibia
83%
Malawi
81%
Rwanda
81%

Score Distribution

Percentile by Number Answered

Percent of People with Each Score

Your Score History

You have not taken this quiz